[Event "Tourn. n8321"]
[Site "www.chess-mail.com"]
[Date "2015.09.17"]
[Round "1"]
[White "Liencam2"]
[Black "Umzi"]
[WhiteElo "2290"]
[BlackElo "2190"]
[Result "0-1"]
[Round "1"]
1.e4 e5
2.d4 exd4
3.c3 d5
4.exd5 Qd8xd5
5.cxd4 Nb8c6
6.Bc1e3 Ng8f6
7.Nb1c3 Bf8b4
8.Ng1f3 O-O
9.Bf1e2 Nf6e4
10.Ra1c1 Bb4xc3
11.bxc3 Qd5xa2
12.Be2d3 Ne4f6
13.Nf3g5 h6
14.h4 Bc8g4
15.Ng5f3 Qa2e6
16.O-O b6
17.Rf1e1 Qe6d6
18.Bd3e2 Ra8d8
19.Qd1d2 Nc6e7
20.Be3f4 Qd6d5
21.Nf3e5 Bg4xe2
22.Qd2xe2 Ne7f5
23.Ne5g4 Nf5xh4
24.Ng4xf6 gxf6
25.Qe2g4 Nh4g6
26.Bf4xh6 Rf8e8
27.f4 Re8e4
28.Qg4g3 Rd8e8
29.Re1f1 Qd5h5
30.Qg3h2 Qh5xh2
31.Kxh2 Kh7
32.f5 Re4h4
33.Kg3 Rh4xh6
34.fxg6 Rh6xg6
35.Kf3 Rg6g5
36.g4 Kg6
37.c4 f5
38.gxf5 Rg5xf5
39.Kg3 Rf5xf1
40.Rc1xf1 Re8e4
41.Rf1d1 f5
42.c5 bxc5
43.dxc5 Re4c4
44.Rd1a1 Rc4xc5
45.Ra1xa7 Kg5
46.Ra7a8 Rc5c3
47.Kf2 c5
48.Ke2 Kf4
49.Ra8c8 Rc3c4
50.Rc8c7 Rc4e4
51.Kf2 Re4e5
52.Rc7c8 Ke4
53.Ke2 f4
54.Kf2 Re5d5
55.Rc8e8 Kd3
56.Kf3 Rd5d4
57.Re8h8 c4
58.Kg4 c3
59.Rh8h3 Kc4
60.Rh3xc3 Kxc3
{ resign }
0-1

[Event "Tourn. n8373"]
[Site "www.chess-mail.com"]
[Date "2015.09.17"]
[Round "1"]
[White "Xkafi"]
[Black "Heiserman"]
[WhiteElo "2090"]
[BlackElo "2100"]
[Result "0-1"]
[Round "1"]
1.e4 c6
2.Bf1c4 d5
3.exd5 cxd5
4.Bc4b3 Ng8f6
5.Ng1f3 g6
6.h3 Bf8g7
7.d3 O-O
8.O-O Nb8c6
9.Bc1f4 Nc6a5
10.Bb3a4 a6
11.Nb1c3 b5
12.Ba4b3 Na5xb3
13.axb3 b4
14.Nc3e2 Nf6h5
15.Bf4e5 f6
16.Be5d4 e5
17.Bd4c5 Rf8e8
18.Bc5xb4 f5
19.Ne2g3 Nh5xg3
20.fxg3 e4
21.Bb4a5 Qd8d7
22.Nf3e1 Bg7xb2
23.Ra1a4 Bb2e5
24.Qd1d2 Be5xg3
25.Ba5c3 e3
26.Qd2e2 d4
27.Bc3xd4 f4
28.Ne1f3 Bc8b7
29.Rf1a1 Bg3f2
30.Kh1 Bb7c6
31.Ra4a5 Bc6xf3
32.Qe2xf3 Qd7xd4
33.Qf3e2 Re8f8
34.c4 Ra8a7
35.b4 Ra7f7
36.Ra5xa6 f3
37.gxf3 Rf7xf3
{ resign }
0-1

[Event "Tourn. n8382"]
[Site "www.chess-mail.com"]
[Date "2015.09.17"]
[Round "1"]
[White "Madz123456"]
[Black "Xkafi"]
[WhiteElo "2220"]
[BlackElo "2090"]
[Result "1-0"]
[Round "1"]
1.e4 e5
2.Ng1f3 Nb8c6
3.Bf1c4 Bf8c5
4.c3 Ng8f6
5.d4 exd4
6.cxd4 Bc5b4
7.Nb1c3 Nf6xe4
8.O-O O-O
9.Nc3xe4 d5
10.Bc1g5 Nc6e7
11.a3 dxe4
12.axb4 exf3
13.Rf1e1 Rf8e8
14.Qd1b3 Kh8
15.Bc4xf7 h6
16.Qb3xf3 Re8f8
17.Bg5xe7 Rf8xf7
18.Qf3xf7 Qd8xd4
19.Ra1d1 Qd4xb4
20.Be7xb4 { resign }
1-0

[Event "Match"]
[Site "www.echecsemail.com"]
[Date "2015.09.17"]
[Round "1"]
[White "Jhw"]
[Black "Calponas"]
[WhiteElo "2039"]
[BlackElo "2020"]
[Result "0-1"]
[Round "1"]
1.d4 d5
2.Nb1c3 Ng8f6
3.f3 g6
4.e4 dxe4
5.fxe4 Bf8g7
6.e5 Nf6d5
7.Qd1f3 c6
8.Bf1c4 Bc8e6
9.Ng1e2 O-O
10.h4 h5
11.Ne2f4 Nd5xf4
12.Bc1xf4 Be6xc4
13.O-O-O e6
14.Bf4g5 Qd8a5
15.a3 Bc4d5
16.Qf3f2 b5
17.Nc3xd5 cxd5
18.Rh1f1 Nb8c6
19.Bg5d2 b4
20.Rd1e1 Qa5b6
21.a4 b3
22.Re1e3 Nc6xd4
23.c3 Nd4c2
24.Qf2e2 Nc2xe3
25.Bd2xe3 Qb6c6
{ resign }
0-1

[Event "Match"]
[Site "www.echecsemail.com"]
[Date "2015.09.17"]
[Round "1"]
[White "Darknight"]
[Black "Pinehill"]
[WhiteElo "1660"]
[BlackElo "1970"]
[Result "0-1"]
[Round "1"]
1.e4 d5
2.exd5 Ng8f6
3.c4 e6
4.d3 exd5
5.b3 dxc4
6.bxc4 Bf8b4
7.Bc1d2 Qd8e7
8.Bf1e2 Nb8c6
9.h3 Bc8f5
10.Ng1f3 Bb4xd2
11.Qd1xd2 O-O-O
12.O-O Rh8e8
13.Nb1c3 Qe7d7
14.Rf1b1 Nc6e5
15.Qd2b2 c6
16.Nf3d4 Bf5g6
17.Nd4b5 cxb5
18.cxb5 Ne5xd3
19.Be2xd3 Qd7xd3
20.b6 a6
21.Rb1d1 Qd3c4
22.Rd1xd8 Re8xd8
23.Ra1c1 Kb8
24.Nc3e2 Qc4b5
25.Qb2xb5 axb5
26.f3 Rd8d2
27.Ne2f4 Nf6d5
28.Rc1e1 Nd5xb6
29.a3 Rd2a2
30.Re1e3 Nb6c4
31.Re3b3 Nc4xa3
32.Nf4d5 Ka7
33.Kh2 Bg6f5
34.Rb3c3 Na3c4
35.Rc3b3 Nc4d6
36.Rb3e3 Bf5e6
37.Re3d3 Be6xd5
38.Rd3xd5 Ra2a6
39.Rd5e5 b4
40.Re5e3 Ra6c6
41.Re3b3 Rc6b6
42.Kg3 Ka6
43.Kf4 Ka5
44.Ke5 Ka4
45.Rb3b1 b3
46.Kd4 Ka3
47.Kc3 b2
48.Kc2 Ka2
49.g4 Rb6c6
{ resign }
0-1

[Event "Match"]
[Site "www.echecsemail.com"]
[Date "2015.09.17"]
[Round "1"]
[White "Hundegana"]
[Black "Daquata"]
[WhiteElo "1970"]
[BlackElo "1660"]
[Result "0-1"]
[Round "1"]
1.e4 e5
2.Ng1f3 Nb8c6
3.Bf1b5 a6
4.Bb5xc6 dxc6
5.c3 f6
6.O-O Bf8c5
7.b4 Bc5b6
8.a4 Bc8g4
9.h3 Bg4h5
10.g4 Bh5g6
11.d3 Ng8e7
12.Kg2 O-O
13.Nf3h4 c5
14.Bc1a3 cxb4
15.Ba3xb4 Rf8e8
16.f4 exf4
17.Rf1xf4 Bg6f7
18.d4 g5
19.Bb4xe7 Re8xe7
20.Nh4f5 gxf4
21.Qd1f3 Re7e8
22.Qf3xf4 Bf7g6
23.Nb1d2 Qd8d7
24.Nf5h4 Qd7e7
25.Nh4xg6 hxg6
26.h4 Bb6a5
27.Qf4f3 Qe7h7
28.Kh3 Qh7e7
29.Nd2c4 Ba5b6
30.Ra1b1 Qe7xe4
31.Qf3xe4 Re8xe4
32.a5 Bb6xd4
33.cxd4 Re4xd4
34.Nc4a3 Rd4d3
35.Kg2 Rd3xa3
36.Rb1xb7 Ra8d8
37.Rb7xc7 Rd8d2
38.Kf1 Ra3a1
{ resign }
0-1

[Event "Match"]
[Site "www.echecsemail.com"]
[Date "2015.09.17"]
[Round "1"]
[White "Darknight"]
[Black "Pablincho"]
[WhiteElo "1590"]
[BlackElo "1780"]
[Result "0-1"]
[Round "1"]
1.e4 c5
2.Bf1c4 Nb8c6
3.c3 e6
4.d3 Qd8c7
5.Ng1f3 d6
6.Bc1f4 e5
7.Bf4g3 Bf8e7
8.h3 h6
9.Nb1a3 a6
10.O-O Ng8f6
11.Qd1a4 O-O
12.Bc4d5 Bc8d7
13.Na3c4 b5
14.Qa4b3 bxc4
15.dxc4 Nf6xd5
16.exd5 Nc6a5
17.Qb3d1 Na5xc4
18.b3 Nc4b6
19.c4 f5
20.Kh1 f4
21.Bg3h4 Bd7f5
22.Rf1g1 Bf5e4
23.Qd1e2 Be4xf3
24.gxf3 Be7xh4
25.Rg1g6 Rf8f6
26.Qe2e4 Qc7f7
27.Ra1g1 Rf6xg6
28.Rg1xg6 Bh4xf2
29.Qe4b1 Bf2g3
30.Rg6g4 h5
31.Rg4g6 Ra8d8
32.Rg6e6 Nb6c8
33.Qb1b2 Qf7f5
34.Qb2g2 Qf5b1
35.Qg2g1 Qb1xa2
36.h4 Qa2xb3
37.Qg1f1 Nc8b6
38.Re6g6 Nb6xc4
39.Rg6g5 Nc4d2
40.Qf1g2 Qb3d1
41.Qg2g1 Qd1xf3
42.Qg1g2 Rd8b8
43.Qg2xf3 Nd2xf3
44.Rg5xh5 Rb8b2
{ resign }
0-1

[Event "Match"]
[Site "www.echecsemail.com"]
[Date "2015.09.17"]
[Round "1"]
[White "Pariolinius"]
[Black "Fres"]
[WhiteElo "1980"]
[BlackElo "1339"]
[Result "1-0"]
[Round "1"]
1.e4 e5
2.f4 Nb8c6
3.Ng1f3 d6
4.h3 Ng8f6
5.Nb1c3 Bf8e7
6.Bf1c4 O-O
7.d3 Nc6d4
8.f5 c5
9.Nc3d5 Nf6xd5
10.Bc4xd5 Be7h4
11.Kd2 Bh4g3
12.Nf3xd4 cxd4
13.Qd1g4 Qd8h4
14.Qg4e2  { time }
1-0

[Event "Match"]
[Site "www.echecsemail.com"]
[Date "2015.09.17"]
[Round "1"]
[White "Fres"]
[Black "Karlgrocer"]
[WhiteElo "1339"]
[BlackElo "1940"]
[Result "0-1"]
[Round "1"]
1.e4 c5
2.Ng1f3 d6
3.d4 cxd4
4.Nf3xd4 Ng8f6
5.Nb1c3 g6
6.Bc1g5 Bf8g7
7.Qd1d2 O-O
8.Bg5h6 a6
9.Bh6xg7 Kxg7
10.Bf1d3 Bc8d7
 { time }
0-1

[Event "Match"]
[Site "www.echecsemail.com"]
[Date "2015.09.17"]
[Round "1"]
[White "Pinehill"]
[Black "Pariolinius"]
[WhiteElo "1920"]
[BlackElo "1980"]
[Result "1/2-1/2"]
[Round "1"]
1.e4 c5
2.Ng1f3 d6
3.Bf1b5 Bc8d7
4.Qd1e2 Nb8c6
5.O-O Ng8f6
6.c3 a6
7.Bb5xc6 Bd7xc6
8.d3 e5
9.Bc1g5 Bf8e7
10.Nb1d2 O-O
11.h3 h6
12.Bg5xf6 Be7xf6
13.Rf1e1 Qd8e7
14.Ra1d1 Ra8d8
15.Nd2c4 b5
16.Nc4b6 Rd8b8
17.Nb6d5 Bc6xd5
18.exd5 Qe7b7
19.c4 b4
20.Nf3h2 b3
21.a3 Rf8e8
22.Nh2g4 Bf6g5
23.g3 f5
24.h4 Bg5e7
25.Ng4e3 g6
26.Ne3f1 Be7f6
27.h5 g5
28.Nf1e3 Qb7d7
29.Qe2f3 f4
30.Ne3g4 Bf6g7
31.Qf3e4 Qd7f7
32.Qe4g6 Qf7xg6
33.hxg6 h5
34.Ng4h2 Bg7f6
35.g4 h4
36.Nh2f3 Kg7
37.Kh2 Kxg6
38.Re1e4 a5
39.Kh3 a4
40.Rd1e1 { draw }
1/2-1/2

[Event "Match"]
[Site "www.echecsemail.com"]
[Date "2015.09.17"]
[Round "1"]
[White "Guidom"]
[Black "Iulia92"]
[WhiteElo "2150"]
[BlackElo "1809"]
[Result "1/2-1/2"]
[Round "1"]
1.e4 c5
2.Ng1f3 d6
3.c4 Nb8c6
4.Nb1c3 e6
5.d3 g6
6.Bf1e2 Bf8g7
7.O-O a6
8.Bc1g5 Ng8e7
9.h3 O-O
{ draw }
1/2-1/2

[Event "Match"]
[Site "www.echecsemail.com"]
[Date "2015.09.17"]
[Round "1"]
[White "Johndyson"]
[Black "Jhw"]
[WhiteElo "2420"]
[BlackElo "1910"]
[Result "1-0"]
[Round "1"]
1.d4 c5
2.d5 Qd8b6
3.Ng1f3 f6
4.Nb1d2 e6
5.e4 exd5
6.exd5 Ng8e7
7.Nd2c4 Qb6d8
8.Nc4d6 
1-0

[Event "Match"]
[Site "www.echecsemail.com"]
[Date "2015.09.17"]
[Round "1"]
[White "Silent1"]
[Black "Orae"]
[WhiteElo "1860"]
[BlackElo "1940"]
[Result "0-1"]
[Round "1"]
1.d4 d5
2.c4 dxc4
3.Nb1c3 Nb8c6
4.e3 Nc6a5
5.Ng1f3 Bc8d7
6.Nf3e5 Bd7e6
7.Qd1a4 c6
8.Bf1xc4 Be6xc4
9.Ne5xc4 b5
10.Qa4xa5 bxc4
11.Qa5xd8 Ra8xd8
12.O-O g6
13.b3 Bf8g7
14.bxc4 Ng8f6
15.Bc1a3 Rd8d7
16.Ra1b1 O-O
17.Rb1b3 Rf8e8
18.c5 e5
19.Nc3e2 exd4
20.Ne2xd4 Nf6e4
21.Rf1d1 Bg7xd4
22.exd4 Rd7d5
23.f3 Ne4f6
24.Rb3b7 a5
25.Rb7a7 Nf6h5
26.Ra7xa5 Nh5f4
27.Kf2 Re8e2
28.Kg3 Nf4xg2
29.Ra5a8 Kg7
30.Ba3c1 h5
31.Ra8a4 h4
32.Kh3 Rd5f5
{ resign }
0-1

[Event "Match"]
[Site "www.echecsemail.com"]
[Date "2015.09.17"]
[Round "1"]
[White "Ditto"]
[Black "Raulazo"]
[WhiteElo "1820"]
[BlackElo "1980"]
[Result "0-1"]
[Round "1"]
1.e4 e5
2.Ng1f3 Nb8c6
3.Bf1c4 h6
4.c3 Ng8f6
5.Qd1b3 Qd8e7
6.d3 Nf6g4
7.O-O Nc6a5
8.Qb3a4 Na5c6
9.Nb1d2 d6
10.Bc4d5 Qe7d7
11.Nd2c4 Bf8e7
12.Nc4e3 Ng4f6
13.Bd5c4 O-O
14.Qa4b3 Nc6a5
15.Qb3b4 Na5c6
16.Qb4b3 Nc6a5
17.Qb3c2 b5
18.Bc4b3 Bc8a6
19.Bc1d2 Nf6h5
20.Ne3f5 Ba6c8
21.Bb3d5 Ra8b8
22.a3 c6
23.Bd5a2 d5
24.Nf3xe5 Qd7e6
25.Ne5f3 Qe6f6
26.Bd2e3 Bc8xf5
27.exf5 Qf6xf5
28.Ba2b1 Be7d6
29.Nf3h4 Qf5e5
30.d4 Qe5xh2

0-1

[Event "Match"]
[Site "www.echecsemail.com"]
[Date "2015.09.17"]
[Round "1"]
[White "Stevo100"]
[Black "Calponas"]
[WhiteElo "1870"]
[BlackElo "2020"]
[Result "0-1"]
[Round "1"]
1.d4 Ng8f6
2.Bc1f4 d6
3.e3 g6
4.Bf1e2 Bf8g7
5.Ng1f3 b6
6.O-O Bc8b7
7.c4 c5
8.Nb1c3 O-O
9.h3 Nb8d7
10.d5 Nf6h5
11.Bf4h2 f5
12.Nf3g5 Bg7xc3
13.Ng5e6 Qd8e8
14.bxc3 Qe8f7
15.Be2xh5 gxh5
16.Ne6xf8 Ra8xf8
17.Bh2f4 Nd7e5
18.Bf4h6 Rf8e8
19.Qd1e2 b5
20.f3 bxc4
21.e4 Ne5d3
22.Kh2 f4
23.Bh6g5 e5
24.Rf1g1 h6
25.Bg5h4 Kh7
26.g3 Re8g8
27.gxf4 exf4
28.Rg1xg8 Qf7xg8
29.Bh4e7 Qg8g3
{ resign }
0-1

[Event "1/128 Finale"]
[Site "www.chess-mail.com"]
[Date "2015.09.17"]
[Round "1"]
[White "Relaxmax"]
[Black "Bojan"]
[WhiteElo "1499"]
[BlackElo "1940"]
[Result "0-1"]
[Round "1"]
1.e4 e5
2.Ng1f3 Nb8c6
3.d4 exd4
4.Nf3xd4 Nc6e5
5.Nb1c3 Bf8c5
6.Bf1e2 c6
7.f4 Ne5g6
8.Be2f3 Ng6h4
9.Bf3e2 Nh4xg2
10.Kf1 Ng2xf4
11.Bc1xf4 Qd8f6
12.Nd4f5 g6
13.Nf5d6 Ke7
{ resign }
0-1

[Event "Eq:chibcha-Team USA : "]
[Site "www.chess-mail.com"]
[Date "2015.09.17"]
[Round "1"]
[White "Vitoriccardo"]
[Black "Vinvangogh"]
[WhiteElo "1820"]
[BlackElo "1510"]
[Result "0-1"]
[Round "1"]
1.d4 d5
2.c4 dxc4
3.Nb1c3 Ng8f6
4.e4 e5
5.d5 Bf8c5
6.Bc1g5 Bc8g4
7.Bg5xf6 Qd8xf6
8.Qd1xg4 Qf6xf2
9.Kd1 Qf2xf1
10.Kd2 Qf1xa1
11.Kc2 Qa1f1
12.Qg4xg7 Qf1d3
{ resign }
0-1

[Event "Fast Game"]
[Site "www.echecsemail.com"]
[Date "2015.09.17"]
[Round "1"]
[White "Attatroll"]
[Black "Fkarpov"]
[WhiteElo "1770"]
[BlackElo "1800"]
[Result "0-1"]
[Round "1"]
1.e4 e5
2.f4 exf4
3.Ng1f3 Bf8e7
4.Bf1c4 Ng8f6
5.Nb1c3 O-O
6.d4 Nf6xe4
7.Bc4xf7 Rf8xf7
8.Nc3xe4 d5
9.Ne4c3 Be7b4
10.Bc1d2 Bc8g4
11.Nf3e5 Bg4xd1
12.Ne5xf7 Qd8e7
13.Nf7e5 Bb4xc3
14.Bd2xc3 Bd1xc2
15.O-O Nb8c6
16.Ne5f3 Qe7f6
17.Ra1c1 Bc2d3
18.Rf1e1 Bd3f5
19.a3 Bf5g4
{ resign }
0-1

[Event "Tourn. n8344"]
[Site "www.chess-mail.com"]
[Date "2015.09.18"]
[Round "1"]
[White "Panamski"]
[Black "Francesco"]
[WhiteElo "2080"]
[BlackElo "2070"]
[Result "1-0"]
[Round "1"]
1.c3 e5
2.d4 e4
3.e3 d5
4.c4 Ng8f6
5.cxd5 Nf6xd5
6.Bf1c4 Nb8c6
7.Bc4xd5 Qd8xd5
8.Nb1c3 Qd5g5
9.Nc3xe4 Qg5xg2
10.Qd1f3 Qg2xf3
11.Ng1xf3 Bc8g4
12.Ne4d2 Bf8b4
13.O-O O-O-O
14.a3 h5
15.axb4 Nc6xb4
16.Ra1xa7 Nb4a6
17.Ra7a8 Na6b8
18.Nf3e5 Bg4e6
19.b3 f6
20.Ne5g6 Rh8h6
21.Ng6f4 Be6d7
22.e4 Bd7b5
23.Rf1e1 Bb5a6
24.Nd2c4 b6
25.d5 Kb7
26.Ra8xa6 Nb8xa6
27.Nf4e6 Rh6g6
28.Kf1 Rd8d7
29.Ne6f8 { resign }
1-0

[Event "Tourn. n8298"]
[Site "www.chess-mail.com"]
[Date "2015.09.18"]
[Round "1"]
[White "Ff333"]
[Black "Guidom"]
[WhiteElo "2060"]
[BlackElo "2070"]
[Result "0-1"]
[Round "1"]
1.e4 e5
2.Qd1h5 Nb8c6
3.c3 Ng8f6
4.Qh5f3 d6
5.h3 Bc8e6
6.Bf1b5 Qd8d7
7.Ng1e2 a6
8.Bb5xc6 Qd7xc6
9.d3 Bf8e7
10.O-O O-O-O
11.Bc1e3 h6
12.Nb1d2 d5
13.Qf3g3 dxe4
14.d4 exd4
15.Ne2xd4 Qc6d7
16.Rf1d1 g5
17.Nd4xe6 Qd7xe6
18.Rd1e1 Be7d6
19.f4 gxf4
20.Be3xf4 Rh8g8
21.Qg3h2 Bd6xf4
22.Qh2xf4 Qe6xh3
23.Qf4f2 Rg8xg2
24.Qf2xg2 Rd8g8
25.Re1e2 Rg8xg2
26.Re2xg2 e3
27.Nd2f1 Nf6g4
28.Ra1e1 Ng4f2
29.Rg2h2 Qh3g4
30.Rh2g2 Nf2h3
31.Kh2 Qg4h4
32.Rg2g8 Kd7
33.Re1d1 Ke7
34.Nf1xe3 Qh4h5
35.Rd1d4 Nh3g5
36.Kg3 Qh5f3
37.Kh2 Qf3xe3
38.Rd4g4 Qe3h3
{ resign }
0-1

[Event "Tourn. n8293"]
[Site "www.chess-mail.com"]
[Date "2015.09.18"]
[Round "1"]
[White "Nimzo"]
[Black "Manolinex"]
[WhiteElo "2720"]
[BlackElo "2700"]
[Result "1/2-1/2"]
[Round "1"]
1.Ng1f3 d5
2.c4 d4
3.b4 c5
4.g3 cxb4
5.a3 bxa3
6.Bf1g2 Nb8c6
7.Bc1xa3 e5
8.Qd1a4 Bc8d7
9.Ba3xf8 Kxf8
10.O-O h5
11.d3 Ng8e7
12.Nb1d2 Ra8b8
13.Rf1b1 g6
14.Nd2e4 Kg7
15.c5 h4
16.Nf3xh4 Ne7d5
17.Nh4f3 f5
18.Ne4d6 Nd5c3
19.Qa4a3 Nc3xb1
20.Ra1xb1 Rh8f8
21.Rb1a1 Qd8e7
22.Nf3d2 Qe7d8
23.Bg2d5 a5
24.Bd5g2 Qd8g5
25.Qa3b2 Bd7e6
26.Nd2f3 Qg5e7
27.Qb2b6 f4
28.h4 Be6g4
29.Qb6b5 Bg4d7
30.Nf3g5 Rb8a8
31.Bg2f3 a4
32.Bf3d5 Nc6d8
33.Qb5c4 Kh8
34.Kg2 fxg3
35.fxg3 Kg7
36.Nd6xb7 Nd8xb7
37.Bd5xb7 Ra8a5
38.Ra1c1 a3
39.c6 Bd7g4
40.c7 a2
41.Rc1a1 Ra5c5
42.Qc4xa2 Qe7xc7
43.Bb7e4 Rf8f6
44.Qa2a8 Rf6f8
{ draw }
1/2-1/2

[Event "Tourn. n8395"]
[Site "www.chess-mail.com"]
[Date "2015.09.18"]
[Round "1"]
[White "Culiflori"]
[Black "Fangshuo"]
[WhiteElo "2050"]
[BlackElo "2140"]
[Result "0-1"]
[Round "1"]
1.e4 e6
2.d4 d5
3.Nb1c3 Bf8b4
4.e5 c5
5.a3 Bb4a5
6.Ng1f3 Nb8c6
7.Bf1b5 Qd8b6
8.Bb5xc6 Qb6xc6
9.O-O Bc8d7
10.Bc1e3 Ba5b6
11.dxc5 Bb6xc5
12.Be3xc5 Qc6xc5
13.Qd1d4 Qc5c7
14.Qd4g4 g6
15.Rf1e1 Ng8h6
16.Qg4g5 Nh6f5
17.Qg5f6 O-O
18.Ra1d1 Bd7c6
19.Nf3d4 Nf5xd4
20.Rd1xd4 Qc7b6
21.Rd4b4 Qb6c5
22.Re1d1 a5
23.Rb4d4 b5
24.Qf6f4 Ra8b8
25.h3 b4
26.axb4 axb4
27.Nc3a2 Qc5xc2
28.Rd1c1 Qc2xb2
29.Rc1xc6 Qb2xa2
30.Rd4xb4 Rb8xb4
31.Qf4xb4 Qa2a1
32.Kh2 Qa1xe5
{ resign }
0-1

[Event "Tourn. n8369"]
[Site "www.chess-mail.com"]
[Date "2015.09.18"]
[Round "1"]
[White "Luban"]
[Black "Madz123456"]
[WhiteElo "2070"]
[BlackElo "2220"]
[Result "0-1"]
[Round "1"]
1.d4 d5
2.Ng1f3 c6
3.h3 Ng8f6
4.e3 Bc8f5
5.c4 e6
6.a3 Bf8e7
7.Nb1c3 Nb8d7
8.Bf1d3 dxc4
9.Bd3xc4 O-O
10.O-O Nf6e4
11.Nc3xe4 Bf5xe4
12.Bc4d3 Nd7f6
13.Bd3xe4 Nf6xe4
14.Bc1d2 a5
15.Nf3e5 c5
16.Bd2c3 Qd8d5
17.Qd1a4 cxd4
18.exd4 Rf8c8
19.Ra1c1 b5
20.Qa4d1 Ne4xc3
21.Rc1xc3 Rc8xc3
22.bxc3 Be7xa3
23.Qd1h5 Ra8f8
{ resign }
0-1

[Event "Tourn. n8359"]
[Site "www.chess-mail.com"]
[Date "2015.09.18"]
[Round "1"]
[White "Numanoid"]
[Black "Jhw"]
[WhiteElo "2500"]
[BlackElo "1860"]
[Result "1-0"]
[Round "1"]
1.e4 e5
2.Ng1f3 Qd8e7
3.Nb1c3 c6
4.d4 exd4
5.Qd1xd4 b6
6.Bc1g5 f6
7.Bg5e3 Bc8b7
8.O-O-O c5
9.Qd4a4 Bb7c6
10.Bf1b5 Qe7e6
11.Nc3d5 Bc6xd5
12.exd5 Qe6d6
13.Be3f4 { resign }
1-0

[Event "Tourn. n8377"]
[Site "www.chess-mail.com"]
[Date "2015.09.18"]
[Round "1"]
[White "Flick"]
[Black "Culiflori"]
[WhiteElo "1870"]
[BlackElo "1970"]
[Result "0-1"]
[Round "1"]
1.d4 Ng8f6
2.c4 e6
3.Ng1f3 b6
4.g3 Bc8b7
5.Bf1g2 d5
6.Nb1c3 Nb8d7
7.Bc1g5 Bf8e7
8.O-O O-O
9.Rf1e1 c5
10.Nf3e5 Ra8b8
11.Bg5f4 Nd7xe5
12.Bf4xe5 dxc4
13.Be5xb8 Bb7xg2
14.Kxg2 Qd8xb8
15.e4 Qb8b7
16.f3 Rf8d8
17.Nc3e2 cxd4
18.Ne2f4 Be7b4
19.Re1e2 d3
20.Re2e3 Nf6d7
21.Ra1c1 b5
22.Nf4h5 Nd7b6
23.a3 Bb4c5
24.Qd1d2 Bc5xe3
25.Qd2xe3 Nb6a4
26.Qe3g5 f6
27.Nh5xf6 Kf7
28.Nf6xh7 Rd8h8
29.Qg5f4 Ke7
30.Nh7g5 Rh8f8
31.Qf4e5 Rf8f6
32.f4 Qb7b6
33.f5 Qb6e3
34.Rc1f1 Qe3xg5
35.Qe5c7 Kf8
36.fxe6 Rf6xf1
37.Qc7c8 Ke7
38.Qc8d7 Kf6
39.Qd7f7 Ke5
40.Kxf1 Qg5f6
41.Ke1 Qf6xe6
42.Qf7xg7 Kxe4
43.Kd2 Qe6e5
44.Qg7b7 Qe5d5
45.Qb7xa7 Qd5g5
46.Kd1 Na4xb2
47.Ke1 Qg5e3
48.Qa7xe3 Kxe3
{ resign }
0-1

[Event "Tourn. n8371"]
[Site "www.chess-mail.com"]
[Date "2015.09.18"]
[Round "1"]
[White "Giupiter"]
[Black "Gatrooper"]
[WhiteElo "1509"]
[BlackElo "1450"]
[Result "1-0"]
[Round "1"]
1.e4 e5
2.Ng1f3 Nb8c6
3.Bf1b5 a6
4.Bb5a4 b5
5.Ba4b3 d6
6.Bb3d5 Bc8b7
7.d3 Ra8b8
8.Nf3g5 Ng8h6
9.Ng5h3 Nc6b4
10.Bd5b3 Bb7c8
11.Qd1f3 Bc8e6
12.Qf3e2 Be6g4
13.f3 Bg4xh3
14.Bc1xh6 gxh6
15.gxh3 c6
16.a3 Nb4xc2
17.Qe2xc2 Qd8h4
18.Qc2f2 Qh4e7
19.Nb1d2 d5
20.Rh1f1 Bf8g7
21.Qf2g3 Rh8g8
22.Ra1c1 dxe4
23.fxe4 Rg8f8
24.Rc1xc6 f6
25.Rc6e6 Qe7xe6
26.Bb3xe6 Rb8b6
27.Qg3g4 Bg7h8
28.Be6c8 Rf8f7
29.Qg4h5 Ke7
30.Qh5xh6 Bh8g7
31.Qh6xh7 Rb6c6
32.Qh7f5 Rc6c1
33.Ke2 Bg7h6
34.Qf5d7 Kf8
35.Qd7d8 Kg7
36.Rf1xc1 Kg6
37.Rc1g1 Kh5
38.Qd8e8 Bh6xd2
39.Qe8xf7 Kh4
40.Qf7h7 Bd2h6
41.Qh7xh6 { resign }
1-0

[Event "Tourn. n8354"]
[Site "www.chess-mail.com"]
[Date "2015.09.18"]
[Round "1"]
[White "Jhw"]
[Black "Augus"]
[WhiteElo "2329"]
[BlackElo "2130"]
[Result "0-1"]
[Round "1"]
1.c4 Ng8f6
2.Ng1f3 g6
3.d4 Bf8g7
4.e3 O-O
5.c5 d6
6.b4 dxc5
7.bxc5 Nb8c6
8.a3 Rf8e8
9.Bf1d3 e5
10.dxe5 Nc6xe5
11.Nf3d4 Ne5xd3
12.Qd1xd3 Qd8d5
13.O-O Qd5xc5
14.a4 Qc5d5
15.Nb1c3 Qd5d8
16.Bc1a3 b6
17.Qd3b5 c5
18.Nd4c6 Qd8c7
19.Ra1d1 Bc8d7
20.Rd1xd7 Qc7xd7
21.Rf1d1 Qd7c7
22.a5 Ra8c8
23.axb6 axb6
24.Nc6d4 cxd4
25.Nc3a4 dxe3
26.fxe3 Re8xe3
27.Ba3d6 Qc7c6
28.Qb5b4 Re3e2
29.Qb4g4 Nf6xg4
{ resign }
0-1

[Event "Tourn. n8354"]
[Site "www.chess-mail.com"]
[Date "2015.09.18"]
[Round "1"]
[White "Raulazo"]
[Black "Scasan55"]
[WhiteElo "2020"]
[BlackElo "2030"]
[Result "0-1"]
[Round "1"]
1.e4 c5
2.Ng1f3 d6
3.Bf1c4 e6
4.e5 d5
5.Bc4b5 Bc8d7
6.Bb5e2 Ng8e7
7.Nb1c3 Ne7g6
8.d4 cxd4
9.Qd1xd4 Nb8c6
10.Qd4g4 Nc6b4
11.O-O Nb4xc2
12.Ra1b1 Nc2b4
13.a3 Nb4c6
14.Bc1g5 Bf8e7
15.Bg5f4 O-O
16.b4 Ng6xf4
17.Qg4xf4 f6
18.Be2d3 fxe5
19.Qf4g3 e4
20.Bd3xe4 dxe4
21.Nc3xe4 Bd7e8
22.Qg3h3 Qd8c8
23.b5 Nc6d8
24.Nf3g5 Be7xg5
25.Ne4xg5 Be8g6
26.a4 Bg6xb1
27.Rf1xb1 Qc8c2
28.Rb1f1 Qc2g6
29.f4 h6
30.Qh3b3 hxg5
31.Qb3g3 Ra8c8
32.h4 Rc8c4
33.Qg3b3 Rc4xf4
34.Rf1f3 Rf4xf3
35.gxf3 gxh4
36.Kh2 Qg6g3
37.Kh1 Qg3xf3
{ resign }
0-1

[Event "Tourn. n8357"]
[Site "www.chess-mail.com"]
[Date "2015.09.18"]
[Round "1"]
[White "Mitja"]
[Black "Julian"]
[WhiteElo "1810"]
[BlackElo "1810"]
[Result "1-0"]
[Round "1"]
1.d4 Ng8f6
2.e3 d5
3.h3 g5
4.c3 g4
5.hxg4 Bc8xg4
6.Bf1e2 Bg4xe2
7.Qd1xe2 e6
8.Nb1d2 Nb8c6
9.Nd2b3 h5
10.Ng1f3 Bf8d6
11.g3 e5
12.dxe5 Nc6xe5
13.Nf3xe5 Bd6xe5
14.Bc1d2 Qd8d6
15.Qe2b5 Qd6c6
16.Qb5d3 O-O-O
17.Qd3f5 Qc6e6
18.Qf5f3 b6
19.Nb3d4 Nf6e4
20.Nd4xe6 fxe6
21.Rh1xh5 Rh8xh5
22.Qf3xh5 Ne4xd2
23.Kxd2 Be5d6
24.g4 e5
25.g5 Kb7
26.g6 d4
27.exd4 exd4
28.cxd4 Bd6f4
29.Kc3 c5
30.Qh5f3 { resign }
1-0

[Event "Tourn. n8344"]
[Site "www.chess-mail.com"]
[Date "2015.09.18"]
[Round "1"]
[White "Francesco"]
[Black "Jhw"]
[WhiteElo "2070"]
[BlackElo "2039"]
[Result "1-0"]
[Round "1"]
1.e4 e5
2.Ng1f3 Ng8f6
3.Nf3xe5 Qd8e7
4.d4 d6
5.Ne5f3 Nf6xe4
6.Qd1e2 Bc8g4
7.h3 Bg4xf3
8.gxf3 Ne4f6
9.Bc1g5 Qe7xe2
10.Bf1xe2 Nf6d5
11.c4 Nd5b4
12.Kd2 Nb8c6
13.d5 Nc6e5
14.a3 Nb4a6
15.f4 Ne5g6
16.f5 Ng6e5
17.f4 Ne5d7
18.Nb1c3 Nd7c5
19.b4 Nc5b3
20.Kc2 Nb3xa1
21.Rh1xa1 f6
22.Bg5h4 Bf8e7
23.Be2h5 Kd7
24.Bh4f2 b6
25.Bh5e2 Na6b8
26.Ra1g1 Be7f8
27.Nc3b5 a6
28.Nb5d4 h6
29.Nd4e6 g5
30.fxg5 hxg5
31.Be2g4 Kc8
32.Kd3 Nb8d7
33.Bf2d4 b5
34.Rg1c1 c5
35.cxb5 axb5
36.Rc1c3 Kb7
37.bxc5 Nd7e5
38.Bd4xe5 dxe5
39.d6 Kc6
40.Bg4f3 Kd7
41.Bf3xa8 Bf8xd6
42.cxd6 Rh8xa8
43.Ke4 Kxd6
44.Rc3d3 Ke7
45.Ne6c7 Ra8a4
46.Kd5 Ra4a5
47.Kc5 e4
48.Rd3e3 b4
49.Kxb4 Ra5xf5
50.Re3xe4 Kd7
51.Nc7b5 Rf5e5
52.Re4xe5 fxe5
53.Kc4 Ke6
54.a4 { resign }
1-0

[Event "Tourn. n8325"]
[Site "www.chess-mail.com"]
[Date "2015.09.18"]
[Round "1"]
[White "Julianlore"]
[Black "Micheles"]
[WhiteElo "2560"]
[BlackElo "2530"]
[Result "1-0"]
[Round "1"]
1.e4 c6
2.d4 d5
3.e5 Bc8f5
4.Ng1f3 e6
5.Bf1e2 c5
6.Bc1e3 Qd8b6
7.Nb1c3 Nb8c6
8.O-O c4
9.Ra1b1 Qb6a5
10.a3 b5
11.Nf3h4 Bf5g6
12.Nh4xg6 hxg6
13.Be2f3 Ra8b8
14.g3 Ng8h6
15.g4 Qa5d8
16.Bf3g2 Bf8e7
17.h3 O-O
18.f4 a6
19.Nc3e2 Qd8b6
20.Kh2 a5
21.Qd1d2 b4
22.axb4 axb4
23.f5 gxf5
24.Be3xh6 fxg4
25.Bh6e3 gxh3
26.Bg2xh3 b3
27.c3 Rb8a8
28.Ne2f4 { resign }
1-0

[Event "Tourn. n8328"]
[Site "www.chess-mail.com"]
[Date "2015.09.18"]
[Round "1"]
[White "Passaroa25"]
[Black "Gatrooper"]
[WhiteElo "1640"]
[BlackElo "1480"]
[Result "0-1"]
[Round "1"]
1.e4 e5
2.Ng1e2 Ng8f6
3.Ne2g3 Nb8c6
4.c3 d6
5.Bf1e2 a6
6.d3 h6
7.Nb1d2 d5
8.Be2f3 dxe4
9.Nd2xe4 Nf6xe4
10.Bf3xe4 Bf8c5
11.Bc1e3 Bc5d6
12.b4 Nc6e7
13.O-O g6
14.a4 f5
15.Be4xb7 Bc8xb7
16.Be3d2 f4
17.Ng3e2 Ne7c8
18.f3 Qd8g5
19.a5 Nc8e7
20.Qd1e1 h5
21.Qe1f2 h4
22.h3 Ne7f5
23.g4 Nf5h6
24.d4 O-O-O
25.Qf2g2 exd4
26.Bd2xf4 Bd6xf4
27.Ne2xd4 Bf4e3
28.Kh1 Rd8e8
29.Nd4c2 Be3f4
30.Ra1e1 Re8xe1
31.Nc2xe1 Bb7c6
32.Qg2e2 Bc6b5
33.Ne1d3 Rh8e8
34.Qe2c2 Re8e3
35.c4 Bb5c6
36.Nd3c5 Bc6xf3
37.Kg1 Nh6xg4
38.Rf1xf3 Bf4h2
39.Kg2 Ng4e5
40.Kxh2 Ne5xf3
41.Kh1 Qg5g1

0-1